| 000 | 00000nam 2200000zi 4500 |
| 001 | 9.939782 |
| 003 | CaOODSP |
| 005 | 20241104105754 |
| 006 | m o d f |
| 007 | cr mn||||||||| |
| 008 | 240625t20242024onc ob f000 0 fre d |
| 040 | |aCaOODSP|bfre|erda|cCaOODSP |
| 043 | |an-cn--- |
| 086 | 1 |aYM32-3/441-C20-1F-PDF |
| 100 | 1 |aKeenan-Pelletier, Michaela, |eauteur. |
| 245 | 10|aProjet de Loi C-20 : |bLoi établissant la Commission d’examen et de traitement des plaintes du public et modifiant certaines lois et textes réglementaires / |crévisé par Michaela Keenan-Pelletier et Ariel Shapiro. |
| 250 | |a[Édition du 17 mai 2024]. |
| 264 | 1|aOttawa, Canada : |bBibliothèque du Parlement = Library of Parliament, |c2024. |
| 264 | 4|c©2024 |
| 300 | |a1 ressource en ligne (ii, 20 pages). |
| 336 | |atexte|2rdacontent/fre |
| 337 | |ainformatique|bc|2rdamedia/fre |
| 338 | |aressource en ligne|bcr|2rdacarrier/fre |
| 490 | 1 |aRésumé législatif ; |vn° 44-1-C20-F |
| 500 | |aTitre de la couverture. |
| 500 | |aPublié aussi en anglais sous le titre : Bill C-20 : An Act establishing the Public Complaints and Review Commission and amending certain Acts and statutory instruments. |
| 504 | |aComprend des références bibliographiques (pages 18-20). |
| 520 | |a« Le projet de loi C-20 vise à établir la Commission d'examen et de traitement des plaintes du public (la Commission), un organisme indépendant chargé de l'examen des plaintes déposées contre le personnel de la Gendarmerie royale du Canada (GRC) et de l'Agence des services frontaliers du Canada (ASFC), et des enquêtes sur celles-ci. La Commission remplace l'actuelle Commission civile d'examen et de traitement des plaintes (CCETP), qui est responsable de l'examen des plaintes contre la GRC. À l'heure actuelle, aucun organisme de surveillance n'est chargé de l'examen des plaintes relatives à l'ASFC » -- Contexte, page 1. |
| 610 | 26|aGendarmerie royale du Canada|xDiscipline. |
| 610 | 26|aAgence des services frontaliers du Canada|xDiscipline. |
| 650 | 6|aPoliciers|xPlaintes contre|zCanada. |
| 650 | 6|aPoliciers|zCanada|xDiscipline. |
| 710 | 1 |aCanada. |bBibliothèque du Parlement, |eorganisme de publication. |
| 710 | 1 |aCanada. |bService d'information et de recherche parlementaires, |eorganisme de publication. |
| 775 | 08|tBill C-20 : |w(CaOODSP)9.939774 |
| 795 | |tProjet de Loi C-20 : |bVersion préliminaire non révisée|w(CaOODSP)9.916063 |
| 830 | #0|aRésumé législatif (Canada. Service d'information et de recherche parlementaires)|vn° 44-1-C20-F.|w(CaOODSP)9.501179 |
| 856 | 40|qPDF|s1.00 Mo|uhttps://publications.gc.ca/collections/collection_2024/bdp-lop/ls/YM32-3-441-C20-1-fra.pdf |
| 856 | 4 |qHTML|sS.O.|uhttps://lop.parl.ca/sites/PublicWebsite/default/fr_CA/ResearchPublications/LegislativeSummaries/441C20E? |